Ultimate America Quiz - Statistics

General Stats
  • This quiz has been taken 36 times
    21 since last reset
  • The average score is 71 of 100
Answer Stats
Hint Answer % Correct
Who was known for the "I Have a Dream" speech? Martin Luther King, Jr.
100%
How many states are there? 50
93%
What president was credited with ending slavery? Abraham Lincoln
93%
What did the US buy from Russia in 1867? Alaska
93%
Who was the first woman to fly solo across the Atlantic? Amelia Earhart
93%
Who founded Microsoft? Bill Gates
93%
What state has the highest population? California
93%
What country borders the US to the north? Canada
93%
What state is home to Miami? Florida
93%
Who was the first president? George Washington
93%
This important college, in Cambridge, Massachusetts, is often regarded as the best college in the world. Harvard
93%
What is the largest city in Texas? Houston
93%
Who founded Amazon? Jeff Bezos
93%
What is the largest city in California? Los Angeles
93%
What country borders the US to the south? Mexico
93%
What is the large rock with some presidents carved into it called? Mount Rushmore
93%
Who was the first person on the moon? Neil Armstrong
93%
What is the largest city in the US? New York City
93%
What state is the smallest? Rhode Island
93%
Who is known for refusing to give up her seat on a bus? Rosa Parks
93%
When were the Twin Towers attacked? {September} {11}, 2001
93%
What is the large copper statue outside of New York harbor called? Statue of {Liberty}
93%
Who wrote the Declaration of Independence? Thomas Jefferson
93%
What state is home to Seattle? Washington
93%
What is the capital of the US? Washington D.C.
93%
What state is the largest? Alaska
86%
What is the largest city in Colorado? Denver
86%
What is the large canyon in Arizona called? {Grand} Canyon
86%
Huron, Ontario, Erie, Michigan and Superior are known as what? Great Lakes
86%
What state is home to Chicago? Illinois
86%
What date was the Declaration of Independence signed? {July} {4}, 1776
86%
What famous bell currently resides in Philadelphia? {Liberty} Bell
86%
Who is credited with inventing the light bulb? Thomas Edison
86%
What president's program was known as the New Deal? Franklin D. Roosevelt
79%
Who was the second president? John Adams
79%
What did the US buy from France in 1803? Louisiana Purchase
79%
What pair of brothers invented the airplane? {Wright} Brothers
79%
Who is on the dollar? George Washington
71%
Who is credited with inventing the assembly line? Henry Ford
71%
What is the longest river in the US? (Hint: not Mississippi!) Missouri
71%
How many members of the Senate are there? 100
64%
How many stripes are on the American flag? 13
64%
What number do you call if you need to contact emergency services? 911
64%
Who is on the penny? Abraham Lincoln
64%
Where did the US fight a war from 2001-2021? Afghanistan
64%
Who is on the hundred dollar bill? Benjamin Franklin
64%
Which state has the most electoral votes? California
64%
What city is famous for its deep dish pizza? Chicago
64%
The feud between the US and the USSR was known as what? Cold War
64%
This conflict led to a missile crisis in what country? Cuba
64%
What is the system that determines how the president is elected? Electoral {College}
64%
Name one of the branches of government Executive | Judicial | Legislative
64%
What is the most popular sport in the US? Football
64%
Who is on the quarter? George Washington
64%
What country did the US gain independence from? Great Britain
64%
The period between 1929 and 1939 was known as what? Great Depression
64%
What country did the US drop two nukes on in 1945? Japan
64%
Who is the current president? Joe Biden
64%
Who is the current vice president? Kamala Harris
64%
Hollywood is a suburb of what city? Los Angeles
64%
Name a state that has hosted the Olympics. Missouri | California | Georgia | New York | Utah
64%
What is the major league for this sport called? NFL
64%
And what do they represent? Original Colonies
64%
The 18th amendment, which banned alcohol, is known as what? Prohibition
64%
Name one of the rights of the first amendement. Religion | Assembly | Press | Petition | Speech
64%
What is the second amendement? Right to {Bear} {Arms}
64%
What is the national anthem's name? Star Spangled Banner
64%
Who is on the fifty dollar bill? Ulysses S. Grant
64%
What was the metaphorical railroad that helped slaves escape from the south to the north? {Underground} Railroad
64%
Where did the US fight a war from 1955-1975? Vietnam
64%
What was the name of the scandal that plagued Richard Nixon? Watergate
64%
What is the building that the president lives in called? White House
64%
In 1920, what group was allowed to vote for the first time? Women
64%
What state has the lowest population? Wyoming
64%
How many members of the House are there? 435
57%
Who is on the five dollar bill? Abraham Lincoln
57%
Which state has the least electoral votes? (Name one) Alaska | Delaware | Washington D.C. | North Dakota | South Dakota | Vermont | Wyoming
57%
Who is on the twenty dollar bill? Andrew Jackson
57%
The Senate and House of Representatives are known as what? Congress
57%
What important day occurs from November 2-8? {Election} Day
57%
What happened in California in 1849? Gold Rush
57%
Where did the US fight a war from 1950-1953? Korea
57%
Who is the current Speaker of the House? Mike Johnson
57%
What is the first part of the Constitution called? Preamble
57%
The 1920s were collectively known as what? {Roaring} 20's
57%
What is the big championship for this league called? Super Bowl
57%
What is the longest-running scripted show in the US? The Simpsons
57%
Who is on the ten dollar bill? Alexander Hamilton
50%
Who is credited with sewing the first American flag? Betsy Ross
50%
Who is on the dime? Franklin D. Roosevelt
50%
What food is Garfield known for loving? Lasagna
50%
The Tigers are a member of what sports league? MLB
50%
The Devils are a member of what sports league? NHL
50%
What is one posession that the US gained after the Spanish-American war? Puerto Rico | Guam | Philippines
50%
Who is on the nickel? Thomas Jefferson
50%
What holiday is celebrated on November 11? Veterans Day
50%
What is the highest grossing movie of all time? Avatar
43%
What popular movie series did George Lucas introduce? Star Wars
43%
What is the longest running game show in the US? The Price is Right
43%
When was the Constitution ratified? {September} {17}, 1787
21%
No matching quizzes found
Score Distribution
Percent of People with Each Score
Percentile by Number Answered
Your Score History
You have not taken this quiz since the last reset